|
|
|
|
| LEADER |
00000nam0a2200000 4500 |
| 001 |
79315 |
| 005 |
20231031094237.0 |
| 035 |
|
|
|a (RuTPU)RU\TPU\book\85265
|
| 090 |
|
|
|a 79315
|
| 100 |
|
|
|a 20050812d1952 km y0rusy50 ca
|
| 101 |
0 |
|
|a rus
|
| 102 |
|
|
|a RU
|
| 105 |
|
|
|a a z 000zy
|
| 200 |
1 |
|
|a Оборудование стекольных заводов: устройство, эксплуатация, ремонт
|f К. Л. Вейнберг, Б. С. Коссой, М. П. Нолькен, М. И. Резников
|g под ред. М. И. Резникова
|
| 210 |
|
|
|a Москва
|c Стройиздат
|d 1952
|
| 215 |
|
|
|a 556 с.
|c ил.
|
| 610 |
1 |
|
|a стекольные заводы
|
| 610 |
1 |
|
|a оборудование
|
| 610 |
1 |
|
|a устройство
|
| 610 |
1 |
|
|a эксплуатация
|
| 610 |
1 |
|
|a ремонт
|
| 610 |
1 |
|
|a сырье
|
| 610 |
1 |
|
|a шихта
|
| 610 |
1 |
|
|a стекловаренные печи
|
| 610 |
1 |
|
|a стеклоформирующие машины
|
| 610 |
1 |
|
|a стекло
|
| 610 |
1 |
|
|a шлифовка
|
| 610 |
1 |
|
|a полировка
|
| 610 |
1 |
|
|a машины
|
| 610 |
1 |
|
|a смазочные устройства
|
| 610 |
1 |
|
|a смазка
|
| 610 |
1 |
|
|a приводные ремни
|
| 610 |
1 |
|
|a шлифовально-полировальные станки
|
| 610 |
1 |
|
|a техника безопасности
|
| 610 |
1 |
|
|a безопасность
|
| 675 |
|
|
|a 661.1
|v 3
|
| 701 |
|
1 |
|a Вейнберг
|b К. Л.
|g Кальман Липманович
|
| 701 |
|
1 |
|a Коссой
|b Б. С.
|
| 701 |
|
1 |
|a Нолькен
|b М. П.
|g Максимилиан Петрович
|
| 701 |
|
1 |
|a Резников
|b М. И.
|g Матвей Исаакович
|
| 702 |
|
1 |
|a Резников
|b М. И.
|g Матвей Исаакович
|4 340
|
| 801 |
|
1 |
|a RU
|b 63413507
|c 20050812
|g PSBO
|
| 801 |
|
2 |
|a RU
|b 63413507
|c 20210825
|g PSBO
|
| 942 |
|
|
|c BK
|